| 000 | 01402nam a22001817a 4500 | ||
|---|---|---|---|
| 008 | 140909b xxu||||| |||| 00| 0 eng d | ||
| 020 | _a9781405763813 | ||
| 050 | _aKD310.HF3469 | ||
| 245 |
_aHalsbury's law of England, vol. 88: _breceivers registration concerning the individual restitution. / _cedited by Lord Mackay. |
||
| 250 | _a5th ed. | ||
| 260 |
_aLondon: _bLexis Nexis, _c2012. |
||
| 300 |
_a45p. : _c26cm. |
||
| 440 |
_vvol. 88 _pReceivers registration concerning the individual restitution. |
||
| 500 | _aIncludes index. | ||
| 505 | _aContents: How to use halsbury's law of England -- References and abbreviations -- Table of statutes -- Table of statutory instruments -- Table of procedure -- Table of cases -- Volume 88: Receivers: The office, functions and liabilities of a receiver -- Accounting, discharge and sureties -- Managers -- Registration concerning the individual -- Registration of births, deaths, marriages etc -- Effecting registration -- The registration service -- Statistics of population -- Restitution: Introduction -- Mistake -- Duress, undue influence and inequality -- Ultra vires demands by public authority -- Discharge of debts -- Total failure of consideration -- Quantum meruit and quantum valebat -- Necessity -- Incapacity -- Receipt of the claimant's property -- Restitution for wrongs -- Defences -- Index. | ||
| 700 | _aMackay, Lord. | ||
| 942 |
_2lcc _cBK |
||
| 999 |
_c4488 _d11988 |
||